|
|
|
|
| LEADER |
00000naa0a2200000 4500 |
| 001 |
659733 |
| 005 |
20250827154939.0 |
| 035 |
|
|
|a (RuTPU)RU\TPU\network\28504
|
| 035 |
|
|
|a RU\TPU\network\23860
|
| 090 |
|
|
|a 659733
|
| 100 |
|
|
|a 20190326d2018 k y0rusy50 ca
|
| 101 |
0 |
|
|a rus
|
| 102 |
|
|
|a RU
|
| 135 |
|
|
|a drcn ---uucaa
|
| 181 |
|
0 |
|a i
|
| 182 |
|
0 |
|a b
|
| 200 |
1 |
|
|a К вопросу о структуре лексико-семантических полей (на примере лексико-семантического поля "Paralympics" в английском языке)
|f Т. А. Марцева
|
| 203 |
|
|
|a Текст
|c электронный
|
| 300 |
|
|
|a Заглавие с экрана
|
| 320 |
|
|
|a [Библиогр.: 10 назв.]
|
| 330 |
|
|
|a В статье дается анализ структуры нового обширного лексикосемантического поля в современном английском языке в аспекте дистрибуции конституирующих его единиц. Определяются границы ЯДРА центра и периферийной области исследуемого поля.
|
| 463 |
|
|
|t Язык и культура
|o сборник статей XXVIII международной научной конференции, 25–27 сентября 2017 г., Томск
|f Национальный исследовательский Томский государственный университет (ТГУ)
|v [С. 61-67]
|d 2018
|
| 610 |
1 |
|
|a электронный ресурс
|
| 610 |
1 |
|
|a труды учёных ТПУ
|
| 610 |
1 |
|
|a лексико-семантическое поле
|
| 610 |
1 |
|
|a английский язык
|
| 610 |
1 |
|
|a структуры
|
| 700 |
|
1 |
|a Марцева
|b Т. А.
|c лингвист
|c преподаватель Томского политехнического университета
|f 1979-
|g Татьяна Александровна
|3 (RuTPU)RU\TPU\pers\37905
|
| 712 |
0 |
2 |
|a Национальный исследовательский Томский политехнический университет
|b Школа базовой инженерной подготовки
|b Отделение иностранных языков
|3 (RuTPU)RU\TPU\col\23510
|
| 801 |
|
1 |
|a RU
|b 63413507
|c 20141010
|
| 801 |
|
2 |
|a RU
|b 63413507
|c 20190327
|g RCR
|
| 856 |
4 |
|
|u http://vital.lib.tsu.ru/vital/access/services/Download/vtls:000627588/SOURCE1?view=true
|
| 942 |
|
|
|c CF
|